000 00684nam a2200241Ia 4500
001 795
003 GE_BSU
008 181216s||||||||xx |||||||||||||| ||und||
020 _a999287984Х
040 _cGE_BSU
080 _a821.161.1.09+821.353.1.09
100 _aАдеишвили,Ия
245 _aРусская проза о Грузии ХХ век I половина
245 _cред.Д.А.Тухарели
260 _aКутаиси
260 _bИзд-во кутайсского гос. ун-та
260 _c2000
300 _a219стр.
541 _h6л.
653 _aПроза
653 _aРусская проза о Грузии
942 _cBK
999 _c34964
_d34964